EYE Controlled Automatic Wheelchair (ECAW) / (Record no. 616074)

000 -LEADER
fixed length control field 00715nam a22001697a 4500
003 - CONTROL NUMBER IDENTIFIER
control field NUST
082 ## - DEWEY DECIMAL CLASSIFICATION NUMBER
Classification number 621.382,NOM
100 ## - MAIN ENTRY--PERSONAL NAME
Personal name Noman, Fawad Siddiq
9 (RLIN) 133077
245 ## - TITLE STATEMENT
Title EYE Controlled Automatic Wheelchair (ECAW) /
Statement of responsibility, etc. Fawad Siddiq Noman, Muhammad Adnan, Ammad Hassan and Arshad Kaleem (BETE-55 /TCC-30)
260 ## - PUBLICATION, DISTRIBUTION, ETC.
Place of publication, distribution, etc. Rawalpindi
Name of publisher, distributor, etc. MCS (NUST)
Date of publication, distribution, etc. June, 2022
300 ## - PHYSICAL DESCRIPTION
Extent xi,22 p.;
505 ## - FORMATTED CONTENTS NOTE
Formatted contents note Introduction (Page-1), Literature Review (Page-11), Interfacing and Detection (Page-150, Coding for Various Function (Page-16), Conclusion (Page-20), References (Page-21).
650 ## - SUBJECT ADDED ENTRY--TOPICAL TERM
Topical term or geographic name entry element UG Project
9 (RLIN) 131132
651 ## - SUBJECT ADDED ENTRY--GEOGRAPHIC NAME
Geographic name (BETE-55 /TCC-30)
9 (RLIN) 132999
700 ## - ADDED ENTRY--PERSONAL NAME
Personal name Supervised by Dr. Imran Touqeer
9 (RLIN) 133078
942 ## - ADDED ENTRY ELEMENTS (KOHA)
Source of classification or shelving scheme
Koha item type Project Report
Holdings
Withdrawn status Lost status Source of classification or shelving scheme Damaged status Not for loan Permanent Location Current Location Shelving location Date acquired Total Checkouts Full call number Barcode Date last seen Price effective from Koha item type Public note
          Military College of Signals (MCS) Military College of Signals (MCS) Reference 02/03/2026   621.382,NOM MCSPTE-318 02/03/2026 02/03/2026 Project Report Almirah No.90, Shelf No.5
© 2023 Central Library, National University of Sciences and Technology. All Rights Reserved.